000 00974nab a2200241 i 4500
001 768714001
003 CO-MdFUSB
005 20240516162251.0
008 240516t1972 sp ||||| |||| 00| 0 spa d
040 _bspa
_cCO-MdFUSB
_dCO-MdFUSB
041 _aspa
100 _eautor
245 3 _aEl testimonio del obispo en la Iglesia local
_c/ Paul Moore ; traducido por Jesús Valiente Malla
520 _aEstas experiencias de sacerdotes, permiten reflexionar sobre su compromiso y la razón de su función, como celebrante de la eucaristía.
650 0 _aDogma
_9205
650 0 _aBiblia
_916
650 7 _aClero --
_bActividad política
_941
650 7 _aEucaristía
_9365
700 _aValiente Malla, Jesús,
_etraductor
773 0 _049450
_982639
_oR2561
_tRevista internacional de teología Concilium
_w(CO-MdFUSB)8
_x0210-1041
_gNúmero 71, (enero, 1972), páginas: 107 - 111
_qpágina: 107
942 _cANA
945 _aCatherine Arias Alvarez - Practicante SENA
999 _c69755
_d69755